01249nam a2200229 a 450000100100000000500170001000800410002702000150006804000250008308200150010810000440012324500520016726000560021930000350027550000760031095201280038695201280051495201280064295201130077095201190088399900170100200002711720240305130541.0110329q1978 dr ab r 000 0 spa d a848401021X aDO-SdBNPbspacBNPHU axxxbT231p1 aTavares K., Juan Tomás,d1953-94892510aPiratas de América /cJuan Tomás Tavares K. aSanto Domingo :bEditora de Santo Domingo,c[1978]. a111 p. :bil., mapas ;c24 cm. aIncluye datos biográficos del autor en la solapa de la contracubierta 001054708DSaGRbGRcHDd2011-03-29iLF1l0oxxx T231pp27117-30r2020-06-25te. 3w2020-06-25yLFDSZPréstamo en sala 001054708DSaGRbGRcHDd2013-05-09iLF1l0oxxx T231pp27117-40r2020-06-25te. 4w2020-06-25yLFDSZPréstamo en sala 001054708DSaGRbGRcHDd2013-10-02iLF1l0oxxx T231pp27117-50r2020-06-25te. 5w2020-06-25yLFDSZPréstamo en sala 0010718PDaPDbPDcHDd2011-03-29iLF1l0oxxx T231pp27117-10r2020-06-25w2020-06-25yLFPDZNo se presta 0010718PDaPDbPDcHDd2011-03-29iLF1l0oxxx T231pp27117-20r2020-06-25te. 2w2020-06-25yLFPDZNo se presta c26609d26609